Giáo trình Lịch sử Đảng cộng sản Việt Nam
Shranjeno v:
| Glavni avtor: | |
|---|---|
| Format: | Knjiga |
| Jezik: | Undetermined |
| Teme: | |
| Online dostop: | http://lrc.tdmu.edu.vn/opac/search/detail.asp?aID=2&ID=7892 |
| Oznake: |
Označite
Brez oznak, prvi označite!
|
| Thư viện lưu trữ: | Trung tâm Học liệu Trường Đại học Thủ Dầu Một |
|---|
| LEADER | 00514nam a2200133Ia 4500 | ||
|---|---|---|---|
| 001 | TDMU_7892 | ||
| 008 | 210410s9999 xx 000 0 und d | ||
| 082 | |a 324.259707 | ||
| 100 | |a Lê, Mậu Hãn | ||
| 245 | 0 | |a Giáo trình Lịch sử Đảng cộng sản Việt Nam | |
| 245 | 0 | |c Lê Mậu Hãn | |
| 650 | |a Đảng Cộng Sản Việt Nam |x Lịch sử | ||
| 856 | |u http://lrc.tdmu.edu.vn/opac/search/detail.asp?aID=2&ID=7892 | ||
| 980 | |a Trung tâm Học liệu Trường Đại học Thủ Dầu Một | ||